| 000 | 00408nam a2200121Ia 4500 | ||
|---|---|---|---|
| 008 | 151021s9999 xx 000 0 und d | ||
| 050 | _aHC 865 .K47 2013 | ||
| 245 | _a_Garissa County Development Profile/ Kenya Ministry of Devolution and Planning | ||
| 260 | _aNairobi : Government Printer, 2013 | ||
| 300 | _axviii,126 p. | ||
| 650 | _a_County Vision and Mission | ||
| 980 | _a^d20140317 03:50:50^omwanik | ||
| 999 |
_c14795 _d14795 |
||